000 00501nam a2200193Ia 4500
008 101110s9999 xx 000 0 und d
041 _aENGLISH
082 _bSR19556
_a315.4
100 _aCentral Statistical Org.
245 _aStatistical Pocket book India 1990
365 _b45
520 _aEconomics
546 _aENGLISH
630 _aStatistical Pocket book India 1990
650 _aEconomics
655 _aEconomics
730 _aStatistical Pocket book India 1990
942 _cBOOK
999 _c812876
_d812873